Welcome to the Holygrace Academy Library

Please use search bar below to get started

LIFE IS A MONALISA SMILE (Record no. 8757)

MARC details
000 -LEADER
fixed length control field 00361nam a22001457a 4500
020 ## - INTERNATIONAL STANDARD BOOK NUMBER
ISBN 978-93-5732-967-5
082 ## - DEWEY DECIMAL CLASSIFICATION NUMBER
Classification number 920
Item number NIS/L
100 ## - MAIN ENTRY--AUTHOR NAME
Personal name NISANTH, DEEPA
245 ## - TITLE STATEMENT
Title LIFE IS A MONALISA SMILE
246 ## - VARYING FORM OF TITLE
Title proper/short title LIFE IS A MONALISA SMILE
Remainder of title LIFE IS A MONALISA SMILE
260 ## - PUBLICATION, DISTRIBUTION, ETC. (IMPRINT)
Place of publication INDIA
Name of publisher D C
Year of publication 2024
300 ## - PHYSICAL DESCRIPTION
Number of Pages 176
650 ## - SUBJECT ADDED ENTRY--TOPICAL TERM
Topical Term MEMOIR IN MALAYALAM
942 ## - ADDED ENTRY ELEMENTS (KOHA)
Koha item type Books
Holdings
Withdrawn status Lost status Collection code Home library Current library Shelving location Date acquired Source of acquisition Cost, normal purchase price Full call number Accession Number Koha item type
    Non-fiction Main Library Main Library NEW SHELF WITH NEW ENTRY 04/06/2024 PURCHASED 299.00 920 NIS/L 13668 Books